[Event "Rapid 2018"]
[Site "Saint-Petersburg"]
[Date "2018.12.28"]
[Round "13"]
[Board "30"]
[White "Petrov Nikita (RUS)"]
[Black "Bocharov Ivan (RUS)"]
[Result "1/2-1/2"]
[LiveChessVersion "1.4.8"]
[BlackElo "2657"]
[WhiteElo "2502"]

1. e4 {[%clk 0:15:17]} e5 {[%clk 0:14:30]} 2. Bc4 {[%clk 0:15:20]} Nc6
{[%clk 0:14:36]} 3. Nf3 {[%clk 0:15:27]} Bc5 {[%clk 0:14:44]} 4. d3
{[%clk 0:15:30]} Nf6 {[%clk 0:14:53]} 5. a4 {[%clk 0:15:30]} O-O {[%clk 0:14:43]}
6. Bg5 {[%clk 0:15:32]} h6 {[%clk 0:14:23]} 7. Bh4 {[%clk 0:15:41]} d6
{[%clk 0:14:29]} 8. c3 {[%clk 0:15:41]} a5 {[%clk 0:14:26]} 9. Nbd2
{[%clk 0:15:38]} Be6 {[%clk 0:13:42]} 10. O-O {[%clk 0:15:35]} Ba7
{[%clk 0:12:20]} 11. Re1 {[%clk 0:15:29]} Re8 {[%clk 0:11:16]} 12. Bb5
{[%clk 0:15:23]} g5 {[%clk 0:09:50]} 13. Bg3 {[%clk 0:15:24]} Bd7
{[%clk 0:09:55]} 14. Nc4 {[%clk 0:14:46]} Ne7 {[%clk 0:08:37]} 15. d4
{[%clk 0:13:22]} c6 {[%clk 0:07:01]} 16. Nxd6 {[%clk 0:11:41]} cxb5
{[%clk 0:07:09]} 17. Bxe5 {[%clk 0:10:35]} Ng4 {[%clk 0:06:36]} 18. axb5
{[%clk 0:09:31]} Nxe5 {[%clk 0:06:11]} 19. Nxe5 {[%clk 0:09:31]} Rf8
{[%clk 0:06:11]} 20. Qh5 {[%clk 0:08:26]} Be6 {[%clk 0:06:14]} 21. Nxb7
{[%clk 0:07:54]} Qc7 {[%clk 0:05:58]} 22. Qxh6 {[%clk 0:08:01]} Qxb7
{[%clk 0:05:27]} 23. Qxg5+ {[%clk 0:07:29]} Kh7 {[%clk 0:05:36]} 24. d5
{[%clk 0:04:59]} f6 {[%clk 0:05:18]} 25. Qh4+ {[%clk 0:02:39]} Kg7
{[%clk 0:05:24]} 26. Qg3+ {[%clk 0:02:48]} Kh7 {[%clk 0:05:30]} 27. Qh4+
{[%clk 0:02:57]} Kg7 {[%clk 0:05:39]} 28. Qg3+ {[%clk 0:02:27]} Kh7
{[%clk 0:05:48]} 29. Nc6 {[%clk 0:02:09]} Bc8 {[%clk 0:03:29]} 30. e5
{[%clk 0:01:05]} Nxc6 {[%clk 0:03:15]} 31. bxc6 {[%clk 0:00:49]} Qg7
{[%clk 0:03:15]} 32. e6 {[%clk 0:00:17]} Re8 {[%clk 0:02:20]} 33. Qh3+
{[%clk 0:00:18]} Qh6 {[%clk 0:02:27]} 34. Qf5+ {[%clk 0:00:16]} Qg6
{[%clk 0:02:36]} 35. Qh3+ {[%clk 0:00:25]} Qh6 {[%clk 0:02:46]} 36. Qf5+
{[%clk 0:00:25]} Qg6 {[%clk 0:02:54]} 37. Qf3 {[%clk 0:00:29]} Bb8
{[%clk 0:02:03]} 38. Ra4 {[%clk 0:00:39]} f5 {[%clk 0:02:05]} 39. b4
{[%clk 0:00:23]} Ba6 {[%clk 0:01:56]} 40. Rxa5 {[%clk 0:00:20]} Bc7
{[%clk 0:02:04]} 41. Raa1 {[%clk 0:00:27]} Bc4 {[%clk 0:02:09]} 42. Rad1
{[%clk 0:00:32]} Bb6 {[%clk 0:01:58]} 43. Qf4 {[%clk 0:00:35]} Ra2
{[%clk 0:02:05]} 44. Rd4 {[%clk 0:00:12]} Bxd5 1/2-1/2

[Event "Rapid 2018"]
[Site "Saint-Petersburg"]
[Date "2018.12.28"]
[Round "13"]
[Board "31"]
[White "Goganov Aleksey (RUS)"]
[Black "Demchenko Anton (RUS)"]
[Result "1/2-1/2"]
[LiveChessVersion "1.4.8"]
[BlackElo "2651"]
[WhiteElo "2545"]

1. e4 {[%clk 0:15:18]} c5 {[%clk 0:15:13]} 2. Nf3 {[%clk 0:15:26]} Nc6
{[%clk 0:15:17]} 3. d4 {[%clk 0:15:34]} cxd4 {[%clk 0:15:26]} 4. Nxd4
{[%clk 0:15:42]} Nf6 {[%clk 0:15:36]} 5. Nc3 {[%clk 0:15:50]} d6 {[%clk 0:15:45]}
6. Bg5 {[%clk 0:15:56]} e6 {[%clk 0:15:54]} 7. Qd2 a6 8. O-O-O {[%clk 0:16:05]}
Be7 {[%clk 0:16:10]} 9. f4 {[%clk 0:15:47]} Bd7 {[%clk 0:16:16]} 10. Kb1
{[%clk 0:14:43]} b5 {[%clk 0:14:58]} 11. Nxc6 {[%clk 0:12:33]} Bxc6
{[%clk 0:15:07]} 12. Qe1 {[%clk 0:12:38]} Qc7 {[%clk 0:11:08]} 13. Bxf6
{[%clk 0:12:02]} gxf6 {[%clk 0:11:05]} 14. Bd3 {[%clk 0:11:50]} O-O-O
{[%clk 0:09:07]} 15. Rf1 {[%clk 0:10:48]} Kb8 {[%clk 0:08:55]} 16. f5
{[%clk 0:10:00]} Bb7 {[%clk 0:08:16]} 17. fxe6 {[%clk 0:09:54]} fxe6
{[%clk 0:08:26]} 18. Ne2 {[%clk 0:10:02]} d5 {[%clk 0:07:13]} 19. exd5
{[%clk 0:10:05]} Rxd5 {[%clk 0:06:57]} 20. Nf4 {[%clk 0:09:46]} Re5
{[%clk 0:07:05]} 21. Qg3 {[%clk 0:09:53]} Rd8 {[%clk 0:02:55]} 22. Qh3
{[%clk 0:09:33]} f5 {[%clk 0:03:04]} 23. Qxh7 {[%clk 0:09:30]} Bg5
{[%clk 0:03:06]} 24. Qxc7+ {[%clk 0:07:35]} Kxc7 {[%clk 0:03:15]} 25. g3
{[%clk 0:07:43]} Re3 {[%clk 0:02:31]} 26. Rde1 {[%clk 0:06:43]} Rxe1+
{[%clk 0:02:06]} 27. Rxe1 {[%clk 0:06:52]} Bxf4 {[%clk 0:02:15]} 28. gxf4
{[%clk 0:07:00]} Kd6 {[%clk 0:01:49]} 29. Kc1 {[%clk 0:06:45]} Rh8
{[%clk 0:01:43]} 30. Re2 {[%clk 0:06:53]} Rh3 {[%clk 0:01:17]} 31. Rf2
{[%clk 0:06:34]} Be4 {[%clk 0:01:11]} 32. Bf1 {[%clk 0:05:16]} Rh4
{[%clk 0:01:18]} 33. c4 {[%clk 0:04:53]} bxc4 {[%clk 0:01:01]} 34. Bxc4
{[%clk 0:05:01]} a5 {[%clk 0:01:11]} 35. b3 {[%clk 0:05:01]} Bd5 {[%clk 0:00:57]}
36. Bd3 {[%clk 0:02:47]} Kc5 {[%clk 0:01:03]} 37. Kd2 {[%clk 0:02:46]} Kd4
{[%clk 0:00:57]} 38. Bc2 {[%clk 0:02:32]} Rh3 {[%clk 0:00:54]} 39. Bd1
{[%clk 0:01:41]} Rd3+ {[%clk 0:00:54]} 40. Ke2 {[%clk 0:01:49]} Rh3
{[%clk 0:00:22]} 41. Kd2 {[%clk 0:01:57]} Rd3+ {[%clk 0:00:31]} 42. Ke2
{[%clk 0:02:06]} Rh3 {[%clk 0:00:29]} 43. Kd2 {[%clk 0:02:15]} Rd3+ 1/2-1/2

[Event "Rapid 2018"]
[Site "Saint-Petersburg"]
[Date "2018.12.28"]
[Round "13"]
[Board "32"]
[White "Alekseev Evgeny (RUS)"]
[Black "Van Foreest Jorden (NED)"]
[Result "1-0"]
[LiveChessVersion "1.4.8"]
[BlackElo "2401"]
[WhiteElo "2650"]

1. e4 {[%clk 0:15:18]} c6 {[%clk 0:15:18]} 2. d4 {[%clk 0:15:18]} d5
{[%clk 0:15:26]} 3. exd5 {[%clk 0:15:19]} cxd5 {[%clk 0:15:34]} 4. Nf3
{[%clk 0:15:26]} Nc6 {[%clk 0:15:33]} 5. Ne5 {[%clk 0:15:34]} e6 {[%clk 0:15:04]}
6. Bb5 {[%clk 0:15:38]} Bd7 {[%clk 0:14:42]} 7. Nxd7 {[%clk 0:15:44]} Qxd7
{[%clk 0:14:50]} 8. c3 {[%clk 0:15:49]} Bd6 {[%clk 0:14:51]} 9. Nd2
{[%clk 0:15:51]} Nge7 {[%clk 0:14:03]} 10. Nf3 {[%clk 0:14:33]} O-O
{[%clk 0:12:58]} 11. O-O {[%clk 0:14:37]} Qc7 {[%clk 0:12:14]} 12. g3
{[%clk 0:13:28]} Rad8 {[%clk 0:12:23]} 13. Re1 {[%clk 0:13:16]} e5
{[%clk 0:10:00]} 14. dxe5 {[%clk 0:10:58]} Nxe5 {[%clk 0:10:07]} 15. Nxe5
{[%clk 0:10:20]} Bxe5 {[%clk 0:10:16]} 16. Bd3 {[%clk 0:10:10]} Nc6
{[%clk 0:09:37]} 17. Bg5 {[%clk 0:10:01]} Rd6 {[%clk 0:09:46]} 18. Qg4
{[%clk 0:08:24]} g6 {[%clk 0:08:49]} 19. Re2 {[%clk 0:07:45]} d4 {[%clk 0:08:21]}
20. c4 {[%clk 0:07:46]} Bf6 {[%clk 0:07:07]} 21. Bf4 {[%clk 0:07:47]} Qd7
{[%clk 0:07:16]} 22. Bf5 {[%clk 0:07:10]} Qd8 {[%clk 0:06:54]} 23. Bxd6
{[%clk 0:07:02]} Qxd6 {[%clk 0:07:02]} 24. Bd3 {[%clk 0:06:57]} Kg7
{[%clk 0:06:55]} 25. Qe4 {[%clk 0:06:31]} Rd8 {[%clk 0:07:04]} 26. Rd1
{[%clk 0:05:54]} Rd7 {[%clk 0:07:09]} 27. f4 {[%clk 0:04:51]} Re7
{[%clk 0:06:42]} 28. Qd5 {[%clk 0:04:55]} Qc7 {[%clk 0:06:50]} 29. Rxe7
{[%clk 0:04:54]} Qxe7 {[%clk 0:05:37]} 30. Qe4 {[%clk 0:04:51]} Qb4
{[%clk 0:05:40]} 31. Qe2 {[%clk 0:04:54]} a5 {[%clk 0:05:46]} 32. Kg2
{[%clk 0:04:39]} Qd6 {[%clk 0:05:48]} 33. a3 {[%clk 0:04:33]} Nd8
{[%clk 0:05:45]} 34. Be4 {[%clk 0:03:54]} Ne6 {[%clk 0:05:54]} 35. Bd5
{[%clk 0:03:59]} Nc5 {[%clk 0:05:30]} 36. Qe8 {[%clk 0:03:26]} Qc7
{[%clk 0:05:39]} 37. b4 {[%clk 0:03:28]} axb4 {[%clk 0:05:48]} 38. axb4
{[%clk 0:03:37]} Na6 {[%clk 0:05:05]} 39. Rb1 {[%clk 0:03:43]} h5
{[%clk 0:04:20]} 40. c5 {[%clk 0:02:49]} h4 {[%clk 0:03:25]} 41. Kf3
{[%clk 0:02:55]} d3 {[%clk 0:03:06]} 42. Qe3 {[%clk 0:02:32]} hxg3
{[%clk 0:02:36]} 43. hxg3 {[%clk 0:02:40]} Qd7 {[%clk 0:02:45]} 44. Qxd3
{[%clk 0:02:41]} Nc7 {[%clk 0:02:54]} 45. Rd1 {[%clk 0:02:38]} Qh3
{[%clk 0:02:30]} 46. Bc4 {[%clk 0:02:10]} Bh4 {[%clk 0:01:49]} 47. Qd4+
{[%clk 0:02:01]} Bf6 {[%clk 0:01:56]} 48. Qd7 {[%clk 0:01:42]} Qh5+
{[%clk 0:01:45]} 49. Qg4 {[%clk 0:01:25]} Qh2 {[%clk 0:01:46]} 50. Qd7
{[%clk 0:00:50]} Qh5+ {[%clk 0:01:54]} 51. Kg2 {[%clk 0:00:45]} Ne6
{[%clk 0:02:02]} 52. Rf1 {[%clk 0:00:32]} Bd4 {[%clk 0:01:03]} 53. Re1
{[%clk 0:00:26]} g5 {[%clk 0:00:18]} 54. Bxe6 {[%clk 0:00:29]} 1-0

[Event "Rapid 2018"]
[Site "Saint-Petersburg"]
[Date "2018.12.28"]
[Round "13"]
[Board "33"]
[White "Grigoriants Sergey (RUS)"]
[Black "Steinberg Nitzan (ISR)"]
[Result "1/2-1/2"]
[LiveChessVersion "1.4.8"]
[BlackElo "2400"]
[WhiteElo "2640"]

1. c4 {[%clk 0:15:18]} c6 {[%clk 0:15:10]} 2. Nf3 {[%clk 0:15:03]} d5
{[%clk 0:15:14]} 3. e3 {[%clk 0:15:03]} Nf6 {[%clk 0:15:22]} 4. Nc3
{[%clk 0:15:07]} e6 {[%clk 0:15:19]} 5. d4 {[%clk 0:14:36]} Nbd7 {[%clk 0:15:26]}
6. Qc2 {[%clk 0:14:45]} Bd6 {[%clk 0:15:34]} 7. Bd3 {[%clk 0:14:42]} dxc4
{[%clk 0:15:42]} 8. Bxc4 {[%clk 0:14:50]} b5 {[%clk 0:15:51]} 9. Be2
{[%clk 0:14:48]} Bb7 {[%clk 0:15:07]} 10. O-O {[%clk 0:14:04]} Qc7
{[%clk 0:12:48]} 11. e4 {[%clk 0:12:59]} e5 {[%clk 0:11:51]} 12. dxe5
{[%clk 0:11:05]} Nxe5 {[%clk 0:11:31]} 13. Nd4 {[%clk 0:05:48]} O-O
{[%clk 0:09:38]} 14. Nf5 {[%clk 0:05:27]} Bc5 {[%clk 0:08:57]} 15. h3
{[%clk 0:04:43]} Ng6 {[%clk 0:08:14]} 16. Bg5 {[%clk 0:02:58]} Nd7
{[%clk 0:07:42]} 17. Rad1 {[%clk 0:02:52]} Rfe8 {[%clk 0:07:27]} 18. b4
{[%clk 0:02:53]} h6 {[%clk 0:05:13]} 19. Bc1 {[%clk 0:00:35]} Bb6
{[%clk 0:02:42]} 20. Nxb5 {[%clk 0:00:43]} cxb5 {[%clk 0:02:51]} 21. Qxc7
{[%clk 0:00:51]} Bxc7 {[%clk 0:03:00]} 22. Rxd7 {[%clk 0:01:00]} Rac8
{[%clk 0:03:17]} 23. Bxb5 {[%clk 0:00:56]} Rxe4 {[%clk 0:03:09]} 24. a3
{[%clk 0:00:34]} Re5 25. Nd6 Bxd6 {[%clk 0:01:54]} 26. Rxb7 {[%clk 0:00:43]} Rd5
{[%clk 0:00:39]} 27. Ba4 Nf4 {[%clk 0:00:48]} 28. Bxf4 {[%clk 0:00:31]} Bxf4 29.
Bb3 {[%clk 0:00:30]} Rd3 {[%clk 0:00:57]} 30. Bxf7+ {[%clk 0:00:36]} Kf8 31. Bg6
Rd4 {[%clk 0:00:57]} 32. Rxa7 {[%clk 0:00:34]} Rc6 {[%clk 0:01:01]} 33. Bh5
{[%clk 0:00:24]} g6 {[%clk 0:00:42]} 34. Bf3 {[%clk 0:00:25]} Rc2
{[%clk 0:00:51]} 35. Re1 {[%clk 0:00:19]} Rdd2 {[%clk 0:00:54]} 36. Be4
{[%clk 0:00:26]} Re2 37. Kf1 {[%clk 0:00:20]} Rxf2+ {[%clk 0:00:21]} 38. Kg1
{[%clk 0:00:30]} Rfe2 39. Ra8+ {[%clk 0:00:22]} Kg7 {[%clk 0:00:20]} 40. Bxc2
{[%clk 0:00:27]} Be3+ {[%clk 0:00:17]} 41. Kh2 {[%clk 0:00:28]} Bf4+
{[%clk 0:00:22]} 42. Kg1 {[%clk 0:00:29]} Be3+ {[%clk 0:00:32]} 43. Kf1
{[%clk 0:00:26]} Rf2+ {[%clk 0:00:41]} 44. Kg1 {[%clk 0:00:35]} Re2+
{[%clk 0:00:50]} 45. Kf1 {[%clk 0:00:17]} Rf2+ {[%clk 0:00:59]} 46. Kg1
{[%clk 0:00:26]} 1/2-1/2

[Event "Rapid 2018"]
[Site "Saint-Petersburg"]
[Date "2018.12.28"]
[Round "13"]
[Board "34"]
[White "Le Quang Liem (VIE)"]
[Black "Yakubboev Nodirbek (UZB)"]
[Result "1-0"]
[LiveChessVersion "1.4.8"]
[BlackElo "2364"]
[WhiteElo "2752"]

1. c4 {[%clk 0:15:18]} e5 {[%clk 0:15:18]} 2. g3 {[%clk 0:15:24]} Nc6
{[%clk 0:15:17]} 3. Bg2 {[%clk 0:15:31]} f5 {[%clk 0:15:23]} 4. Nc3
{[%clk 0:15:34]} Nf6 {[%clk 0:15:27]} 5. a3 {[%clk 0:15:34]} g6 {[%clk 0:14:27]}
6. b4 {[%clk 0:15:11]} Bg7 {[%clk 0:14:30]} 7. d3 {[%clk 0:14:53]} Ne7
{[%clk 0:13:46]} 8. Bb2 {[%clk 0:14:54]} O-O {[%clk 0:13:22]} 9. e3
{[%clk 0:14:36]} c6 {[%clk 0:12:04]} 10. c5 {[%clk 0:14:25]} d5 {[%clk 0:12:07]}
11. cxd6 {[%clk 0:14:33]} Qxd6 {[%clk 0:12:16]} 12. Nf3 {[%clk 0:14:30]} Kh8
{[%clk 0:11:05]} 13. O-O {[%clk 0:14:37]} Be6 {[%clk 0:11:11]} 14. Qc2
{[%clk 0:14:13]} Rad8 {[%clk 0:10:35]} 15. Rfd1 {[%clk 0:14:20]} Nd7
{[%clk 0:09:28]} 16. Na4 {[%clk 0:13:17]} b6 {[%clk 0:09:17]} 17. Rac1
{[%clk 0:13:06]} Rc8 {[%clk 0:09:12]} 18. Nd2 {[%clk 0:10:41]} Qb8
{[%clk 0:08:46]} 19. Nc3 {[%clk 0:10:04]} Bg8 {[%clk 0:05:58]} 20. Qb1
{[%clk 0:09:59]} b5 {[%clk 0:05:52]} 21. Ba1 {[%clk 0:09:30]} a6 {[%clk 0:04:58]}
22. Nb3 {[%clk 0:09:30]} c5 {[%clk 0:03:38]} 23. Na5 {[%clk 0:06:30]} Qb6
{[%clk 0:02:48]} 24. Rc2 {[%clk 0:05:59]} Rc7 {[%clk 0:02:30]} 25. Rdc1
{[%clk 0:05:42]} Rfc8 {[%clk 0:02:32]} 26. Ne2 {[%clk 0:05:21]} Bd5
{[%clk 0:02:13]} 27. Bxd5 {[%clk 0:04:33]} Nxd5 {[%clk 0:02:21]} 28. Qa2
{[%clk 0:04:26]} Ne7 {[%clk 0:00:19]} 29. Nb3 {[%clk 0:04:22]} Qe6
{[%clk 0:00:13]} 30. Qb1 {[%clk 0:03:08]} c4 {[%clk 0:00:12]} 31. Nd2
{[%clk 0:02:49]} Nb6 {[%clk 0:00:20]} 32. dxc4 {[%clk 0:02:55]} Nxc4
{[%clk 0:00:16]} 33. Nxc4 Rxc4 {[%clk 0:00:24]} 34. Rxc4 {[%clk 0:02:54]} Rxc4
{[%clk 0:00:32]} 35. Rd1 {[%clk 0:02:54]} h6 {[%clk 0:00:30]} 36. Nc1
{[%clk 0:02:49]} Nd5 {[%clk 0:00:31]} 37. Nb3 {[%clk 0:02:51]} Kh7
{[%clk 0:00:13]} 38. Nc5 {[%clk 0:02:56]} Qc6 {[%clk 0:00:20]} 39. Qd3
{[%clk 0:03:01]} Nb6 {[%clk 0:00:19]} 40. Qd8 {[%clk 0:03:00]} Na4
{[%clk 0:00:20]} 41. Bxe5 {[%clk 0:02:21]} Bxe5 {[%clk 0:00:15]} 42. Qe7+
{[%clk 0:02:29]} Bg7 {[%clk 0:00:16]} 43. Ne6 {[%clk 0:02:37]} 1-0

[Event "Rapid 2018"]
[Site "Saint-Petersburg"]
[Date "2018.12.28"]
[Round "13"]
[Board "35"]
[White "Fedoseev Vladimir (RUS)"]
[Black "Postny Evgeny (ISR)"]
[Result "0-1"]
[LiveChessVersion "1.4.8"]
[BlackElo "2599"]
[WhiteElo "2810"]

1. e4 {[%clk 0:12:34]} e5 {[%clk 0:15:18]} 2. Nf3 {[%clk 0:12:43]} Nc6
{[%clk 0:15:27]} 3. Bb5 {[%clk 0:12:52]} a6 {[%clk 0:15:35]} 4. Ba4
{[%clk 0:13:00]} Nf6 {[%clk 0:15:44]} 5. O-O {[%clk 0:13:08]} Be7
{[%clk 0:15:53]} 6. Re1 {[%clk 0:13:16]} b5 {[%clk 0:16:01]} 7. Bb3
{[%clk 0:13:25]} d6 {[%clk 0:16:10]} 8. a4 {[%clk 0:13:33]} b4 {[%clk 0:16:08]}
9. c3 {[%clk 0:13:27]} O-O {[%clk 0:15:55]} 10. d3 {[%clk 0:12:56]} Rb8
{[%clk 0:15:43]} 11. Nbd2 {[%clk 0:12:47]} Na5 {[%clk 0:15:43]} 12. Ba2
{[%clk 0:12:55]} c5 {[%clk 0:15:48]} 13. Nc4 {[%clk 0:12:50]} Nxc4
{[%clk 0:14:53]} 14. Bxc4 {[%clk 0:12:48]} bxc3 {[%clk 0:13:47]} 15. bxc3
{[%clk 0:12:57]} Be6 {[%clk 0:13:49]} 16. Bxe6 {[%clk 0:12:13]} fxe6
{[%clk 0:13:57]} 17. Qe2 {[%clk 0:11:48]} Qc8 {[%clk 0:11:12]} 18. Ba3
{[%clk 0:11:43]} Re8 {[%clk 0:10:07]} 19. Rec1 {[%clk 0:11:22]} Qc6
{[%clk 0:09:51]} 20. Qa2 {[%clk 0:11:17]} Bf8 {[%clk 0:09:46]} 21. a5
{[%clk 0:10:26]} c4 {[%clk 0:09:47]} 22. Qxc4 {[%clk 0:10:23]} Qxc4
{[%clk 0:09:54]} 23. dxc4 {[%clk 0:10:32]} Nxe4 {[%clk 0:10:01]} 24. c5
{[%clk 0:10:41]} d5 {[%clk 0:09:30]} 25. c6 {[%clk 0:10:40]} Bc5 {[%clk 0:06:40]}
26. Bxc5 {[%clk 0:09:45]} Nxc5 {[%clk 0:06:48]} 27. Rcb1 {[%clk 0:09:46]} Nb3
{[%clk 0:05:30]} 28. c7 {[%clk 0:09:55]} Rb5 {[%clk 0:05:39]} 29. Nxe5
{[%clk 0:09:08]} Rc8 {[%clk 0:04:02]} 30. Ra3 {[%clk 0:08:56]} Nd4
{[%clk 0:04:10]} 31. Rd1 {[%clk 0:08:53]} Nf5 {[%clk 0:03:54]} 32. c4
{[%clk 0:07:04]} Rc5 {[%clk 0:04:00]} 33. Nd7 {[%clk 0:07:05]} R5xc7
{[%clk 0:04:07]} 34. Nb6 {[%clk 0:07:14]} Rd8 {[%clk 0:04:05]} 35. g4
{[%clk 0:04:50]} Nh4 {[%clk 0:03:57]} 36. f4 {[%clk 0:04:45]} d4 {[%clk 0:03:49]}
37. Kf2 {[%clk 0:04:49]} Ng6 {[%clk 0:03:29]} 38. Kg3 {[%clk 0:04:56]} e5
{[%clk 0:03:27]} 39. f5 {[%clk 0:04:45]} Nf4 {[%clk 0:03:36]} 40. Kf3
{[%clk 0:04:54]} d3 {[%clk 0:03:18]} 41. Ke3 {[%clk 0:04:28]} Rd4
{[%clk 0:03:14]} 42. Kd2 {[%clk 0:04:21]} Re4 {[%clk 0:02:53]} 43. Kc3
{[%clk 0:03:08]} Re2 {[%clk 0:02:54]} 44. Kb4 {[%clk 0:02:41]} e4
{[%clk 0:02:33]} 45. h4 {[%clk 0:02:47]} d2 {[%clk 0:02:20]} 46. Raa1
{[%clk 0:01:22]} Re1 {[%clk 0:01:40]} 47. Rxe1 {[%clk 0:00:50]} dxe1=Q+
{[%clk 0:01:46]} 48. Rxe1 {[%clk 0:00:59]} Nd3+ {[%clk 0:01:55]} 49. Kc3
{[%clk 0:01:07]} Nxe1 {[%clk 0:02:04]} 50. Kd4 {[%clk 0:01:16]} Re7
{[%clk 0:02:00]} 51. Nd5 {[%clk 0:01:25]} Re8 {[%clk 0:02:04]} 52. Ne3
{[%clk 0:01:25]} Nf3+ {[%clk 0:02:10]} 53. Kd5 {[%clk 0:01:34]} Re5+
{[%clk 0:02:08]} 54. Kd6 {[%clk 0:01:42]} Rxa5 {[%clk 0:02:16]} 55. c5
{[%clk 0:01:51]} Nd4 {[%clk 0:02:09]} 56. Kd5 {[%clk 0:02:00]} Nb3
{[%clk 0:02:13]} 0-1

[Event "Rapid 2018"]
[Site "Saint-Petersburg"]
[Date "2018.12.28"]
[Round "13"]
[Board "36"]
[White "Jumabayev Rinat (KAZ)"]
[Black "Jobava Baadur (GEO)"]
[Result "0-1"]
[LiveChessVersion "1.4.8"]
[BlackElo "2718"]
[WhiteElo "2593"]

1. Nf3 {[%clk 0:14:41]} d5 {[%clk 0:15:13]} 2. g3 {[%clk 0:14:49]} c6
{[%clk 0:15:09]} 3. Bg2 {[%clk 0:14:56]} Bf5 {[%clk 0:15:13]} 4. d3
{[%clk 0:14:46]} h6 {[%clk 0:15:14]} 5. O-O {[%clk 0:14:43]} e6 {[%clk 0:15:22]}
6. c4 {[%clk 0:13:52]} dxc4 {[%clk 0:15:25]} 7. dxc4 {[%clk 0:13:59]} Qxd1
{[%clk 0:15:28]} 8. Rxd1 {[%clk 0:14:07]} Bc2 {[%clk 0:15:32]} 9. Rd2
{[%clk 0:14:10]} Bh7 {[%clk 0:15:39]} 10. b3 {[%clk 0:13:47]} Bb4
{[%clk 0:15:12]} 11. Rd1 {[%clk 0:13:55]} Nf6 {[%clk 0:15:07]} 12. Bb2
{[%clk 0:14:01]} O-O {[%clk 0:14:49]} 13. Ne5 {[%clk 0:13:35]} a5
{[%clk 0:14:35]} 14. Nc3 {[%clk 0:13:38]} Na6 {[%clk 0:14:42]} 15. Na4
{[%clk 0:11:27]} Rad8 {[%clk 0:14:24]} 16. Nd3 {[%clk 0:11:10]} Be7
{[%clk 0:11:24]} 17. Bc3 {[%clk 0:10:18]} b5 {[%clk 0:10:42]} 18. Nab2
{[%clk 0:07:27]} b4 {[%clk 0:10:13]} 19. Be1 {[%clk 0:07:29]} Ne4
{[%clk 0:10:14]} 20. Na4 {[%clk 0:07:37]} Bf6 {[%clk 0:08:51]} 21. Rac1
{[%clk 0:07:46]} Bg5 {[%clk 0:08:23]} 22. Ra1 {[%clk 0:07:33]} Bf6
{[%clk 0:07:27]} 23. Rac1 {[%clk 0:07:41]} Bg5 {[%clk 0:07:32]} 24. f4
{[%clk 0:07:32]} Bf6 {[%clk 0:07:35]} 25. Ne5 {[%clk 0:07:40]} c5
{[%clk 0:06:00]} 26. Bxe4 {[%clk 0:07:10]} Bxe4 {[%clk 0:06:05]} 27. Bf2
{[%clk 0:07:18]} Rxd1+ {[%clk 0:04:18]} 28. Rxd1 {[%clk 0:07:26]} Rd8
{[%clk 0:04:26]} 29. Rxd8+ {[%clk 0:04:47]} Bxd8 {[%clk 0:04:32]} 30. Nxc5
{[%clk 0:01:59]} Nxc5 {[%clk 0:04:39]} 31. Bxc5 {[%clk 0:02:08]} Bb1
{[%clk 0:04:48]} 32. Bd6 {[%clk 0:02:03]} Bxa2 {[%clk 0:04:34]} 33. c5
{[%clk 0:02:12]} Bxb3 {[%clk 0:04:37]} 34. Nc6 {[%clk 0:01:26]} Bf6
{[%clk 0:04:05]} 35. Nxa5 {[%clk 0:01:34]} Bd1 {[%clk 0:03:01]} 36. c6
{[%clk 0:01:27]} Bxe2 {[%clk 0:03:08]} 37. Be5 {[%clk 0:00:47]} Be7
{[%clk 0:02:21]} 38. Kf2 {[%clk 0:00:46]} Ba6 {[%clk 0:02:24]} 39. Ke3
{[%clk 0:00:27]} f6 {[%clk 0:02:23]} 40. Bd4 {[%clk 0:00:25]} Kf7
{[%clk 0:02:15]} 41. Bb6 {[%clk 0:00:27]} e5 {[%clk 0:01:59]} 42. fxe5
{[%clk 0:00:19]} fxe5 {[%clk 0:02:07]} 43. Nb3 {[%clk 0:00:19]} Ke8
{[%clk 0:00:45]} 44. Nc5 {[%clk 0:00:26]} Bc8 {[%clk 0:00:42]} 45. Ke4
{[%clk 0:00:35]} Bf6 {[%clk 0:00:28]} 46. Ba5 {[%clk 0:00:42]} Ke7
{[%clk 0:00:16]} 47. Kd5 {[%clk 0:00:33]} b3 {[%clk 0:00:20]} 48. Bb4
{[%clk 0:00:31]} Kf7 {[%clk 0:00:28]} 49. Bc3 {[%clk 0:00:23]} e4
{[%clk 0:00:12]} 50. Bxf6 {[%clk 0:00:20]} Kxf6 {[%clk 0:00:20]} 51. Nxe4+
{[%clk 0:00:27]} Ke7 {[%clk 0:00:29]} 52. Nd2 {[%clk 0:00:16]} b2
{[%clk 0:00:35]} 53. Kc5 {[%clk 0:00:16]} Bf5 {[%clk 0:00:38]} 54. Kb6
{[%clk 0:00:23]} Kd8 {[%clk 0:00:34]} 55. Kb7 {[%clk 0:00:26]} Be4
{[%clk 0:00:42]} 56. Nb1 {[%clk 0:00:26]} Ke7 {[%clk 0:00:48]} 57. Nd2
{[%clk 0:00:33]} Kd8 {[%clk 0:00:52]} 58. Nb1 {[%clk 0:00:42]} Bxb1
{[%clk 0:00:53]} 59. c7+ {[%clk 0:00:51]} Ke7 {[%clk 0:01:02]} 60. c8=Q
{[%clk 0:00:58]} Be4+ {[%clk 0:01:10]} 61. Kc7 {[%clk 0:01:03]} b1=Q
{[%clk 0:01:18]} 62. Qd7+ {[%clk 0:01:01]} Kf8 {[%clk 0:01:25]} 0-1